000 00370pam a2200157a 44500
008 230515b1966 xxu||||| |||| 00| 0 eng d
020 _aNULL
041 _aENGLISH
082 _a630
100 _a817-1966
245 _aCODE OF PRACTICE FOR TRAINING AND TESTING OF METAL ARC WELDING
250 _a0
260 _aDELHI
_bISI
_c1966
300 _a16
650 _aNULL
999 _c651850
_d651850